| 000 | 00487nam a2200193Ia 4500 | ||
|---|---|---|---|
| 005 | 20260611124158.0 | ||
| 008 | 131103s9999 xx 000 0 und d | ||
| 040 | _aLoreto College | ||
| 041 | _aEnglish | ||
| 082 |
_a842 _bCOR |
||
| 100 | _aRat, Maurice | ||
| 245 |
_aTheatre complet de Corneille _b Tome.2 _cMaurice Rat |
||
| 260 |
_aParis _bEditions garnier freres _c[19?] |
||
| 300 | _a830p. | ||
| 650 | _aCorneille | ||
| 651 | _aFrench drama | ||
| 850 | _aLCLIB | ||
| 942 | _cBK | ||
| 999 |
_c24038 _d74517 |
||